Precious Bane
Αποθηκεύτηκε σε:
| Κύριος συγγραφέας: | |
|---|---|
| Άλλοι συγγραφείς: | |
| Μορφή: | Βιβλίο |
| Γλώσσα: | English |
| Δημοσίευση: |
Oxford :
Heinemann,
1992
|
| Σειρά: | Heinemann guided readers. Upper level
|
| Θέματα: | |
| Ετικέτες: |
Προσθήκη ετικέτας
Δεν υπάρχουν, Καταχωρήστε ετικέτα πρώτοι!
|
MARC
| LEADER | 00000nam a2200000 i 4500 | ||
|---|---|---|---|
| 001 | 1/23501 | ||
| 008 | 950320s1992 eng d | ||
| 020 | |a 0-435-27260-8 | ||
| 035 | |l 10022099 | ||
| 040 | |a GR-MY-UA |b gre |e aacr | ||
| 041 | 0 | |a eng | |
| 082 | 0 | |a 428.64 |2 (21) | |
| 100 | 1 | |a Webb, Mary, |d 1881-1927. | |
| 245 | 1 | 0 | |a Precious Bane / |c Mary Webb |
| 260 | |a Oxford : |b Heinemann, |c 1992 | ||
| 490 | 1 | |a Heinemann guided readers. Upper level | |
| 650 | 0 | 0 | |a English language |x Readers. |
| 650 | 0 | 0 | |a English language |v Textbooks for foreign speakers. |
| 700 | 1 | |a Bell, Florence. | |
| 830 | 0 | |a Heinemann guided readers. Upper level | |
| 852 | |a INST |b CHIOS |e 19950320 |h 428.64 WEB |p 005200003914 |q 005200003914 |t BK |y 0 | ||
| 909 | |a Χ |b 037786 | ||